[Event "Mecklenburg VP LL2 West 1617"]
[Site "Mecklenburg VP"]
[Date "2016.11.22"]
[Round "3.3"]
[White "Krieg, Peter"]
[Black "Fischer, Torsten"]
[Result "0-1"]
[WhiteElo "1791"]
[BlackElo "1990"]
[PlyCount "62"]
[EventDate "2016.10.16"]
[EventType "team-tourn"]
[EventRounds "9"]
[EventCountry "GER"]
[SourceTitle "EXT 2022"]
[Source "ChessBase"]
[SourceDate "2021.10.06"]
[SourceVersion "1"]
[SourceVersionDate "2021.10.06"]
[SourceQuality "1"]
[WhiteTeam "Schwerin SV Einheit"]
[BlackTeam "Schwerin SF III"]
[WhiteTeamCountry "GER"]
[BlackTeamCountry "GER"]

1. e4 e6 2. g3 d5 3. Bg2 Nf6 4. exd5 exd5 5. d4 Be7 6. Ne2 0-0 7. 0-0 Bg4 8. f3 Bd7 9. b3 Re8 10. Bb2 a5 11. a4 Nc6 12. c4 Nb4 13. Nbc3 Bf5 14. Qd2 Qd7 15. cxd5 Nfxd5 16. Ne4 Nf6 17. Rac1 b6 18. Rfd1 Rad8 19. Qf4 Nfd5 20. Qd2 Nf6 21. Nf4 Nfd5 22. Ne2 h6 23. N2c3 Be6 24. Bf1 f5 25. Nf2 f4 26. Nxd5 Bxd5 27. Bh3 Qd6 28. Ne4 Qg6 29. Qxf4 Bxb3 30. Rd2 Nd5 31. Bf5 Nxf4 0-1

[Event "Mecklenburg VP LL2 West 1617"]
[Site "Mecklenburg VP"]
[Date "2016.11.06"]
[Round "2.3"]
[White "Freitag, Werner"]
[Black "Krieg, Peter"]
[Result "1-0"]
[WhiteElo "1685"]
[BlackElo "1791"]
[PlyCount "129"]
[EventDate "2016.10.16"]
[EventType "team-tourn"]
[EventRounds "9"]
[EventCountry "GER"]
[SourceTitle "EXT 2022"]
[Source "ChessBase"]
[SourceDate "2021.10.06"]
[SourceVersion "1"]
[SourceVersionDate "2021.10.06"]
[SourceQuality "1"]
[WhiteTeam "Neukloster VfL Blau Weiss"]
[BlackTeam "Schwerin SV Einheit"]
[WhiteTeamCountry "GER"]
[BlackTeamCountry "GER"]

1. e4 e5 2. Nf3 Nf6 3. d3 Nc6 4. Nc3 h6 5. h3 Bb4 6. Bd2 0-0 7. Be2 d6 8. 0-0 a6 9. a3 Bc5 10. Qc1 Nd4 11. Nxd4 Bxd4 12. Nd1 Be6 13. Be3 Bxe3 14. Nxe3 c6 15. f4 exf4 16. Rxf4 Qc7 17. Rf2 Rac8 18. Qd2 Rfd8 19. Raf1 d5 20. exd5 cxd5 21. c3 d4 22. cxd4 Rxd4 23. Qe1 Qe5 24. Rf3 Rd6 25. Qg3 Qxg3 26. Rxg3 Nd5 27. Nxd5 Rxd5 28. Bd1 Rb5 29. b4 Rc3 30. Ba4 Rd5 31. Ra1 b5 32. Bd1 Re5 33. Kf2 Bf5 34. Be2 Rc2 35. Re3 Rd5 36. Rd1 Be6 37. Ke1 Ra2 38. d4 Rc2 39. Bf3 Rd7 40. Be4 Rc4 41. d5 f5 42. Bd3 Bxd5 43. Bxc4 bxc4 44. Re5 Bc6 45. Rxd7 Bxd7 46. Rc5 Be6 47. Rc6 Bd5 48. Rc8+ Kf7 49. g3 Ke6 50. Rc7 g5 51. Rh7 Ke5 52. Rxh6 c3 53. Kd1 Kd4 54. Rxa6 f4 55. gxf4 gxf4 56. Rf6 f3 57. h4 Bb3+ 58. Kc1 Ke3 59. h5 Ke2 60. h6 Bg8 61. Kc2 f2 62. Kxc3 f1Q 63. Rxf1 Kxf1 64. Kd4 Kf2 65. b5 1-0

[Event "MVP-ch Seniors op 15th"]
[Site "Binz"]
[Date "2015.11.30"]
[Round "7.24"]
[White "Krieg, Peter"]
[Black "Walther, Reinhard"]
[Result "1/2-1/2"]
[WhiteElo "1795"]
[BlackElo "1943"]
[PlyCount "75"]
[EventDate "2015.11.24"]
[EventType "swiss"]
[EventRounds "9"]
[EventCountry "GER"]
[SourceTitle "EXT 2017"]
[Source "ChessBase"]
[SourceDate "2016.10.25"]
[SourceVersion "1"]
[SourceVersionDate "2016.10.25"]
[SourceQuality "1"]

1. e4 d6 2. g3 e5 3. Bg2 Nc6 4. Ne2 Bg4 5. c3 Qd7 6. 0-0 Nf6 7. d3 Bh3 8. Bg5 Be7 9. Nd2 h6 10. Bxf6 Bxf6 11. Nc4 h5 12. Bxh3 Qxh3 13. Kh1 Qd7 14. Ne3 h4 15. g4 Bg5 16. h3 0-0-0 17. Nd5 Ne7 18. Nxe7+ Bxe7 19. c4 g6 20. b4 f5 21. f3 Rdf8 22. Qd2 Rh7 23. a4 Rhf7 24. Qe3 Kb8 25. Kg2 fxg4 26. hxg4 Qd8 27. Nc3 Bg5 28. Qe2 Bf4 29. Kh3 Qg5 30. b5 Be3 31. Nd5 Bd4 32. Ra2 c6 33. bxc6 bxc6 34. Nb4 Qf4 35. Qg2 Qe3 36. Nxc6+ Kc7 37. Nxd4 Qxd4 38. Qe2 1/2-1/2

[Event "MVP-ch Seniors op 14th"]
[Site "Binz"]
[Date "2014.12.01"]
[Round "7"]
[White "Lewald, Stephan"]
[Black "Krieg, Peter"]
[Result "1/2-1/2"]
[WhiteElo "1911"]
[BlackElo "1751"]
[PlyCount "28"]
[EventDate "2014.11.25"]
[EventType "swiss"]
[EventRounds "9"]
[EventCountry "GER"]
[SourceTitle "EXT 2016"]
[Source "ChessBase"]
[SourceDate "2015.10.08"]
[SourceVersion "1"]
[SourceVersionDate "2015.10.08"]
[SourceQuality "1"]

1. e4 e5 2. Nf3 Nf6 3. Nxe5 d6 4. Nf3 Nxe4 5. Nc3 Nxc3 6. dxc3 Be7 7. Be3 0-0 8. Qd2 Nc6 9. 0-0-0 Bf5 10. h3 Qb8 11. Kb1 Bf6 12. Bg5 Bxg5 13. Nxg5 h6 14. Nf3 Be6 1/2-1/2

[Event "GER-chT Seniors 20th"]
[Site "Gladenbach"]
[Date "2011.09.17"]
[Round "7.3"]
[White "Krueger, Gerhard"]
[Black "Krieg, Peter"]
[Result "1/2-1/2"]
[WhiteElo "1913"]
[BlackElo "1776"]
[PlyCount "22"]
[EventDate "2011.09.11"]
[EventType "team-swiss"]
[EventRounds "7"]
[EventCountry "GER"]
[SourceTitle "CBM 144 Extra"]
[Source "ChessBase"]
[SourceDate "2011.10.28"]
[SourceVersion "1"]
[SourceVersionDate "2011.10.28"]
[SourceQuality "1"]
[WhiteTeam "Mecklenburg Vorpommern"]
[BlackTeam "Mecklenburg Vorpommern II"]
[WhiteTeamCountry "GER"]
[BlackTeamCountry "GER"]

1. e4 e5 2. Nf3 Nf6 3. Nxe5 d6 4. Nf3 Nxe4 5. Qe2 Qe7 6. d3 Nf6 7. Qxe7+ Bxe7 8. Be2 0-0 9. 0-0 Nc6 10. Bg5 Re8 11. Nc3 Be6 1/2-1/2